{"text_format":"3","workbook":"xlsx","n_sheets":1,"sheets":["t467"],"read":"whole","date_system":"1900"}

{"sheet":"t467","index":0,"n_rows":161,"n_cols":7,"rows_kept":161,"merged":[[0,0,0,6],[28,0,28,5],[45,0,45,5],[147,0,147,5]]}
["TABELA 467.1 - Estatísticas Agrícolas, Município de Rafard, Estado de São Paulo, 2016/17."]
["ITEM","UNIDADE","N.DE UPAs","MÍNIMO","MÉDIO","MÁXIMO","TOTAL"]
["Distância à sede do município","km",198,{"v":2,"d":"2.0"},{"v":12.72,"d":"12.7"},{"v":25,"d":"25.0"},"-"]
["Área total","hectare",198,0.3,{"v":59.33,"d":"59.3"},{"v":1725.7,"d":"1,725.7"},{"v":11747.2,"d":"11,747.2"}]
["Área com cultura perene","hectare",1,{"v":5,"d":"5.0"},{"v":5,"d":"5.0"},{"v":5,"d":"5.0"},{"v":5,"d":"5.0"}]
["Área com cultura temporária","hectare",143,{"v":1,"d":"1.0"},{"v":57.75,"d":"57.8"},{"v":1352.7,"d":"1,352.7"},{"v":8257.9,"d":"8,257.9"}]
["Área com pastagem","hectare",87,0.3,{"v":12.15,"d":"12.2"},{"v":70,"d":"70.0"},{"v":1057.3,"d":"1,057.3"}]
["Área com reflorestamento","hectare",2,1.5,{"v":9.25,"d":"9.3"},{"v":17,"d":"17.0"},18.5]
["Área com vegetação natural","hectare",155,0.1,{"v":13.76,"d":"13.8"},433.9,{"v":2132.9,"d":"2,132.9"}]
["Área com vegetação de brejo e várzea","hectare","-","-","-","-",{"v":0,"d":"0.0"}]
["Área em descanso","hectare",1,10.5,10.5,10.5,10.5]
["Área complementar","hectare",81,0.1,{"v":3.27,"d":"3.3"},{"v":69,"d":"69.0"},265.1]
["Área das UPAs com (0, 1] ha","hectare",3,0.3,{"v":0.43,"d":"0.4"},0.5,1.3]
["Área das UPAs com (1, 2] ha","hectare",2,{"v":2,"d":"2.0"},{"v":2,"d":"2.0"},{"v":2,"d":"2.0"},{"v":4,"d":"4.0"}]
["Área das UPAs com (2, 5] ha","hectare",29,2.2,{"v":3.19,"d":"3.2"},4.9,92.6]
["Área das UPAs com (5, 10] ha","hectare",18,5.5,8.2,9.7,147.6]
["Área das UPAs com (10, 20] ha","hectare",56,10.1,{"v":14.64,"d":"14.6"},19.9,819.8]
["Área das UPAs com (20, 50] ha","hectare",59,20.4,{"v":30.01,"d":"30.0"},48.4,{"v":1770.7,"d":"1,770.7"}]
["Área das UPAs com (50, 100] ha","hectare",20,50.7,68.7,91.2,{"v":1374,"d":"1,374.0"}]
["Área das UPAs com (100, 200] ha","hectare",3,100.4,{"v":134.23,"d":"134.2"},173.1,402.7]
["Área das UPAs com (200, 500] ha","hectare",3,206.6,{"v":334.33,"d":"334.3"},463.7,{"v":1003,"d":"1,003.0"}]
["Área das UPAs com (500, 1.000] ha","hectare",2,{"v":635,"d":"635.0"},{"v":656.55,"d":"656.6"},678.1,{"v":1313.1,"d":"1,313.1"}]
["Área das UPAs com (1.000, 2.000] ha","hectare",3,{"v":1428.7,"d":"1,428.7"},{"v":1606.13,"d":"1,606.1"},{"v":1725.7,"d":"1,725.7"},{"v":4818.4,"d":"4,818.4"}]
["Área das UPAs com (2.000, 5.000] ha","hectare","-","-","-","-","-"]
["Área das UPAs com (5.000, 10.000] ha","hectare","-","-","-","-","-"]
["Área das UPAs acima de 10.000 ha","hectare","-","-","-","-","-"]
["Fonte: Secretaria de Agricultura e Abastecimento, CDRS/IEA, Projeto LUPA."]
[]
["TABELA 467.2 - Explorações Animais, Município de Rafard, Estado de São Paulo, 2016/17."]
["ITEM","UNIDADE","N.DE UPAs","MÍNIMO","MÉDIO","MÁXIMO","TOTAL"]
["Asininos e muares","cabecas",4,{"v":1,"d":"1.0"},3.5,{"v":10,"d":"10.0"},{"v":14,"d":"14.0"}]
["Avicultura de corte","cabecas/ano",15,{"v":6000,"d":"6,000.0"},{"v":53400,"d":"53,400.0"},{"v":150000,"d":"150,000.0"},{"v":801000,"d":"801,000.0"}]
["Avicultura para ovos","cabecas",1,{"v":12000,"d":"12,000.0"},{"v":12000,"d":"12,000.0"},{"v":12000,"d":"12,000.0"},{"v":12000,"d":"12,000.0"}]
["Bovinocultura de corte","cabecas",75,{"v":2,"d":"2.0"},{"v":30.69,"d":"30.7"},{"v":156,"d":"156.0"},{"v":2302,"d":"2,302.0"}]
["Bovinocultura leiteira","cabecas",3,{"v":20,"d":"20.0"},{"v":28.33,"d":"28.3"},{"v":35,"d":"35.0"},{"v":85,"d":"85.0"}]
["Bovinocultura mista","cabecas",4,{"v":9,"d":"9.0"},{"v":33.75,"d":"33.8"},{"v":58,"d":"58.0"},{"v":135,"d":"135.0"}]
["Cunicultura","cabecas",3,{"v":18,"d":"18.0"},{"v":89.33,"d":"89.3"},{"v":150,"d":"150.0"},{"v":268,"d":"268.0"}]
["Equinocultura","cabecas",19,{"v":1,"d":"1.0"},{"v":1.47,"d":"1.5"},{"v":3,"d":"3.0"},{"v":28,"d":"28.0"}]
["Helicicultura","viveiros",1,{"v":3,"d":"3.0"},{"v":3,"d":"3.0"},{"v":3,"d":"3.0"},{"v":3,"d":"3.0"}]
["Javalis (criadouro)","cabecas",1,{"v":8,"d":"8.0"},{"v":8,"d":"8.0"},{"v":8,"d":"8.0"},{"v":8,"d":"8.0"}]
["Ovinocultura","cabecas",13,{"v":5,"d":"5.0"},{"v":22.23,"d":"22.2"},{"v":112,"d":"112.0"},{"v":289,"d":"289.0"}]
["Piscicultura","m2 tanques",15,{"v":6,"d":"6.0"},{"v":11167.07,"d":"11,167.1"},{"v":40000,"d":"40,000.0"},{"v":167506,"d":"167,506.0"}]
["Suinocultura","cabecas",6,{"v":15,"d":"15.0"},{"v":1194.5,"d":"1,194.5"},{"v":3000,"d":"3,000.0"},{"v":7167,"d":"7,167.0"}]
["Fonte: Secretaria de Agricultura e Abastecimento, CDRS/IEA, Projeto LUPA."]
[]
["TABELA 467.3 -  Máquinas, Implementos e Benfeitorias, Município de Rafard, Estado de São Paulo, 2016/17."]
["ITEM","UNIDADE","N.DE UPAs","MÍNIMO","MÉDIO","MÁXIMO","TOTAL"]
["Arado comum (bacia, aiveca)","unidade",4,{"v":1,"d":"1.0"},{"v":1,"d":"1.0"},{"v":1,"d":"1.0"},{"v":4,"d":"4.0"}]
["Arado escarificador","unidade",2,{"v":1,"d":"1.0"},{"v":1,"d":"1.0"},{"v":1,"d":"1.0"},{"v":2,"d":"2.0"}]
["Arado subsolador","unidade",10,{"v":1,"d":"1.0"},1.1,{"v":2,"d":"2.0"},{"v":11,"d":"11.0"}]
["Camara fria","unidade",2,{"v":1,"d":"1.0"},{"v":1,"d":"1.0"},{"v":1,"d":"1.0"},{"v":2,"d":"2.0"}]
["Carregadeira de cana","unidade",7,{"v":1,"d":"1.0"},{"v":1.29,"d":"1.3"},{"v":2,"d":"2.0"},{"v":9,"d":"9.0"}]
["Carreta de trator","unidade",48,{"v":1,"d":"1.0"},{"v":1.19,"d":"1.2"},{"v":3,"d":"3.0"},{"v":57,"d":"57.0"}]
["Computador","unidade",13,{"v":1,"d":"1.0"},{"v":1.23,"d":"1.2"},{"v":3,"d":"3.0"},{"v":16,"d":"16.0"}]
["Conj.irrigacao/gotejamento/microaspersao","unidade",1,{"v":1,"d":"1.0"},{"v":1,"d":"1.0"},{"v":1,"d":"1.0"},{"v":1,"d":"1.0"}]
["Desintegrador, picador, triturador","unidade",45,{"v":1,"d":"1.0"},{"v":1,"d":"1.0"},{"v":1,"d":"1.0"},{"v":45,"d":"45.0"}]
["Distribuidor de calcario","unidade",15,{"v":1,"d":"1.0"},{"v":1.07,"d":"1.1"},{"v":2,"d":"2.0"},{"v":16,"d":"16.0"}]
["Ensiladeira","unidade",3,{"v":1,"d":"1.0"},{"v":1,"d":"1.0"},{"v":1,"d":"1.0"},{"v":3,"d":"3.0"}]
["Grade aradora (tipo romi)","unidade",18,{"v":1,"d":"1.0"},{"v":1.44,"d":"1.4"},{"v":3,"d":"3.0"},{"v":26,"d":"26.0"}]
["Grade niveladora","unidade",13,{"v":1,"d":"1.0"},{"v":1.15,"d":"1.2"},{"v":2,"d":"2.0"},{"v":15,"d":"15.0"}]
["Implementos para tracao animal","unidade",1,{"v":1,"d":"1.0"},{"v":1,"d":"1.0"},{"v":1,"d":"1.0"},{"v":1,"d":"1.0"}]
["Misturador de racao","unidade",2,{"v":1,"d":"1.0"},{"v":1,"d":"1.0"},{"v":1,"d":"1.0"},{"v":2,"d":"2.0"}]
["Mmicrotrator","unidade",5,{"v":1,"d":"1.0"},{"v":1,"d":"1.0"},{"v":1,"d":"1.0"},{"v":5,"d":"5.0"}]
["Ordenhadeira mecanica","unidade",1,{"v":1,"d":"1.0"},{"v":1,"d":"1.0"},{"v":1,"d":"1.0"},{"v":1,"d":"1.0"}]
["Pulverizador tratorizado","unidade",14,{"v":1,"d":"1.0"},{"v":1.29,"d":"1.3"},{"v":2,"d":"2.0"},{"v":18,"d":"18.0"}]
["Roçadeira costal","unidade",25,{"v":1,"d":"1.0"},{"v":1,"d":"1.0"},{"v":1,"d":"1.0"},{"v":25,"d":"25.0"}]
["Roçadeira tratorizada","unidade",40,{"v":1,"d":"1.0"},{"v":1.03,"d":"1.0"},{"v":2,"d":"2.0"},{"v":41,"d":"41.0"}]
["Roçadora","unidade",1,{"v":1,"d":"1.0"},{"v":1,"d":"1.0"},{"v":1,"d":"1.0"},{"v":1,"d":"1.0"}]
["Semeadeira/adubadeira para plantio convencional","unidade",3,{"v":1,"d":"1.0"},{"v":1,"d":"1.0"},{"v":1,"d":"1.0"},{"v":3,"d":"3.0"}]
["Semeadeira/plantadeira plantio direto","unidade",1,{"v":1,"d":"1.0"},{"v":1,"d":"1.0"},{"v":1,"d":"1.0"},{"v":1,"d":"1.0"}]
["Terraceador","unidade",2,{"v":1,"d":"1.0"},{"v":1,"d":"1.0"},{"v":1,"d":"1.0"},{"v":2,"d":"2.0"}]
["Trator de esteiras","unidade",1,{"v":2,"d":"2.0"},{"v":2,"d":"2.0"},{"v":2,"d":"2.0"},{"v":2,"d":"2.0"}]
["Trator de pneus  acima de 85 cv","unidade",16,{"v":1,"d":"1.0"},{"v":2,"d":"2.0"},{"v":5,"d":"5.0"},{"v":32,"d":"32.0"}]
["Trator de pneus até 65 cv","unidade",23,{"v":1,"d":"1.0"},{"v":1.26,"d":"1.3"},{"v":3,"d":"3.0"},{"v":29,"d":"29.0"}]
["Trator de pneus de 66 cv a 85 cv","unidade",20,{"v":1,"d":"1.0"},1.7,{"v":6,"d":"6.0"},{"v":34,"d":"34.0"}]
["Acude/represa","unidade",91,{"v":1,"d":"1.0"},{"v":1.84,"d":"1.8"},{"v":9,"d":"9.0"},{"v":167,"d":"167.0"}]
["Adega cantina","unidade",4,{"v":1,"d":"1.0"},{"v":1.25,"d":"1.3"},{"v":2,"d":"2.0"},{"v":5,"d":"5.0"}]
["Alambique","unidade",3,{"v":1,"d":"1.0"},{"v":1,"d":"1.0"},{"v":1,"d":"1.0"},{"v":3,"d":"3.0"}]
["Almoxarifado/oficina","unidade",52,{"v":1,"d":"1.0"},{"v":1.02,"d":"1.0"},{"v":2,"d":"2.0"},{"v":53,"d":"53.0"}]
["Balanca para bovinos","unidade",4,{"v":1,"d":"1.0"},{"v":1,"d":"1.0"},{"v":1,"d":"1.0"},{"v":4,"d":"4.0"}]
["Balanca para veiculos","unidade",2,{"v":1,"d":"1.0"},{"v":1,"d":"1.0"},{"v":1,"d":"1.0"},{"v":2,"d":"2.0"}]
["Barracao para granja/avicultura","unidade",21,{"v":1,"d":"1.0"},2.1,{"v":4,"d":"4.0"},{"v":44,"d":"44.0"}]
["Barracao/galpao/garagem","unidade",25,{"v":1,"d":"1.0"},1.2,{"v":2,"d":"2.0"},{"v":30,"d":"30.0"}]
["Casa de moradia habitada","unidade",71,{"v":1,"d":"1.0"},{"v":1.48,"d":"1.5"},{"v":4,"d":"4.0"},{"v":105,"d":"105.0"}]
["Casa de moradia total","unidade",88,{"v":1,"d":"1.0"},{"v":1.75,"d":"1.8"},{"v":4,"d":"4.0"},{"v":154,"d":"154.0"}]
["Curral/mangueira","unidade",53,{"v":1,"d":"1.0"},{"v":1.02,"d":"1.0"},{"v":2,"d":"2.0"},{"v":54,"d":"54.0"}]
["Deposito/tulha","unidade",20,{"v":1,"d":"1.0"},1.1,{"v":2,"d":"2.0"},{"v":22,"d":"22.0"}]
["Estabulo","unidade",4,{"v":1,"d":"1.0"},{"v":1,"d":"1.0"},{"v":1,"d":"1.0"},{"v":4,"d":"4.0"}]
["Instalacoes para equinos","unidade",1,{"v":1,"d":"1.0"},{"v":1,"d":"1.0"},{"v":1,"d":"1.0"},{"v":1,"d":"1.0"}]
["Pocilga","unidade",7,{"v":1,"d":"1.0"},{"v":1.57,"d":"1.6"},{"v":3,"d":"3.0"},{"v":11,"d":"11.0"}]
["Poco semi-artesiano","unidade",43,{"v":1,"d":"1.0"},{"v":1.02,"d":"1.0"},{"v":2,"d":"2.0"},{"v":44,"d":"44.0"}]
["Silo para silagem","ton",2]
["Terreiro","m2",1]
["Fonte: Secretaria de Agricultura e Abastecimento, CDRS/IEA, Projeto LUPA."]
[]
["TABELA 467.4 - Outras Estatísticas Agrícolas, Município de Rafard, Estado de São Paulo, 2016/17."]
["ITEM","Número de UPAs",null,"Percentual"]
["Faz Parte de Associação de Produtores",114,null,{"v":57.57575757575757,"d":"57.6"}]
["Faz Parte de Cooperativa de Produtores",134,null,{"v":67.67676767676768,"d":"67.7"}]
["Faz Parte do Sindicato de Produtores",29,null,{"v":14.646464646464645,"d":"14.6"}]
["Não utiliza assistência técnica ",39,null,{"v":19.696969696969695,"d":"19.7"}]
["Utiliza somente assistência técnica governamental ",15,null,{"v":7.575757575757576,"d":"7.6"}]
["Utiliza somente assistência técnica privada ",18,null,{"v":9.090909090909092,"d":"9.1"}]
["Utiliza assistência técnica tanto governamental quanto privada",126,null,{"v":63.63636363636363,"d":"63.6"}]
["Utiliza Crédito Rural",50,null,{"v":25.25252525252525,"d":"25.3"}]
["Utiliza Seguro Rural",34,null,{"v":17.171717171717173,"d":"17.2"}]
["Utiliza Escrituração Agrícola",25,null,{"v":12.626262626262625,"d":"12.6"}]
["Acessa Internet p/ Fins na Agropecuária",42,null,{"v":21.212121212121215,"d":"21.2"}]
["Utiliza Computador nas Atividades Agropecuárias",45,null,{"v":22.72727272727273,"d":"22.7"}]
["Utiliza Energia Elétrica Para Uso na Atividade Agrícola",76,null,{"v":38.38383838383839,"d":"38.4"}]
["Utiliza Energia Alternativa",2,null,{"v":1.0101010101010102,"d":"1.0"}]
["Realiza Análise de Solo, quando necessário",132,null,{"v":66.66666666666667,"d":"66.7"}]
["Realiza Calagem",128,null,{"v":64.64646464646465,"d":"64.6"}]
["Utiliza Práticas de Conservação de Solo, quando necessário",132,null,{"v":66.66666666666667,"d":"66.7"}]
["Faz Adubação Mineral, quando necessário",120,null,{"v":60.6060606060606,"d":"60.6"}]
["Faz Adubação Orgânica, quando necessário",57,null,{"v":28.787878787878785,"d":"28.8"}]
["Faz Adubação Verde, quando necessário",9,null,{"v":4.545454545454546,"d":"4.5"}]
["Utiliza Manejo Integrado de Pragas (MIP)","-",null,"-"]
["Utiliza Hidroponia","-",null,"-"]
["Utiliza Cultivo em Estufa",1,null,{"v":0.5050505050505051,"d":"0.5"}]
["Utiliza Mudas Fiscalizadas",102,null,{"v":51.51515151515151,"d":"51.5"}]
["Utiliza Semente Melhorada",33,null,{"v":16.666666666666668,"d":"16.7"}]
["Faz Confinamento de Bovinos",4,null,{"v":2.0202020202020203,"d":"2.0"}]
["Utiliza Pastejo Intensivo",3,null,{"v":1.5151515151515151,"d":"1.5"}]
["Faz Inseminação Artificial",2,null,{"v":1.0101010101010102,"d":"1.0"}]
["Faz Mineralização do Rebanho",67,null,{"v":33.83838383838384,"d":"33.8"}]
["Faz Vermifugação do Rebanho",67,null,{"v":33.83838383838384,"d":"33.8"}]
["Possui Parceiros /Arrendatários na Exploração Animal",32,null,{"v":16.161616161616163,"d":"16.2"}]
["Existência de trabalhadores c/ deficiência na UPA","-",null,"-"]
["Esporte e lazer",28,null,{"v":14.14141414141414,"d":"14.1"}]
["Extração mineral",1,null,{"v":0.5050505050505051,"d":"0.5"}]
["Hotel Fazenda, Pousada ou SPA",1,null,{"v":0.5050505050505051,"d":"0.5"}]
["Pesque-pague",5,null,{"v":2.525252525252525,"d":"2.5"}]
["Restaurante ou Lanchonete",2,null,{"v":1.0101010101010102,"d":"1.0"}]
["Transformação artesanal",1,null,{"v":0.5050505050505051,"d":"0.5"}]
["Turismo rural ou ecoturismo",1,null,{"v":0.5050505050505051,"d":"0.5"}]
["Outras atividades econômicas rurais","-",null,"-"]
["Agroindústria",1,null,{"v":0.5050505050505051,"d":"0.5"}]
["Proprietário sem instrução ou com instrução incompleta",3,null,{"v":1.5151515151515151,"d":"1.5"}]
["Proprietário com antigo primário completo",43,null,{"v":21.71717171717172,"d":"21.7"}]
["Proprietário com 1° grau (ou antigo ginasial) completo",81,null,{"v":40.909090909090914,"d":"40.9"}]
["Proprietário com 2° grau (ou antigo colegial) completo",27,null,{"v":13.636363636363635,"d":"13.6"}]
["Proprietário com curso superior completo ",41,null,{"v":20.70707070707071,"d":"20.7"}]
["Pessoa Jurídica",3,null,{"v":1.5151515151515151,"d":"1.5"}]
["Proprietário residente na própria UPA ",4,null,{"v":2.0202020202020203,"d":"2.0"}]
["Fonte: Secretaria de Agricultura e Abastecimento, CDRS/IEA, Projeto LUPA."]
[]
["TABELA 467.5 - Área Cultivada, Município de Rafard, Estado de São Paulo, 2016/17."]
["CULTURA","N.DE UPAs","MÍNIMO","MÉDIO","MÁXIMO","TOTAL"]
["Cana-de-acucar finalidade industria",132,{"v":1,"d":"1.0"},{"v":63.59,"d":"63.6"},{"v":1352.7,"d":"1,352.7"},{"v":8393.8,"d":"8,393.8"}]
["Braquiaria",85,0.3,{"v":12.42,"d":"12.4"},{"v":70,"d":"70.0"},{"v":1055.8,"d":"1,055.8"}]
["Milho safra",7,1.2,{"v":11.07,"d":"11.1"},{"v":29,"d":"29.0"},77.5]
["Cana-de-acucar outras finalidades",2,{"v":2,"d":"2.0"},{"v":30.05,"d":"30.1"},58.1,60.1]
["Eucalipto",2,1.5,{"v":9.25,"d":"9.3"},{"v":17,"d":"17.0"},18.5]
["Milho-silagem",4,{"v":1,"d":"1.0"},4.5,{"v":8,"d":"8.0"},{"v":18,"d":"18.0"}]
["Uva rustica",1,{"v":5,"d":"5.0"},{"v":5,"d":"5.0"},{"v":5,"d":"5.0"},{"v":5,"d":"5.0"}]
["Abobora (ou jerimum)",1,{"v":3,"d":"3.0"},{"v":3,"d":"3.0"},{"v":3,"d":"3.0"},{"v":3,"d":"3.0"}]
["Palmito",1,{"v":3,"d":"3.0"},{"v":3,"d":"3.0"},{"v":3,"d":"3.0"},{"v":3,"d":"3.0"}]
["Gramas",2,0.5,{"v":0.75,"d":"0.8"},{"v":1,"d":"1.0"},1.5]
["Mandioca",1,1.1,1.1,1.1,1.1]
["Fonte: Secretaria de Agricultura e Abastecimento, CDRS/IEA, Projeto LUPA."]